LEADER 01051nam a2200277 i 4500 001 000000114466 003 CaOOAMICUS 005 20030416000000.0 008 030416s1991 it u000 u ita u 013 $a87152 020 $a88-339-0608-6 040 $aSeMil$bita 100 1 $aSaid, Edward Wadie,$d<1935-2003>.$0(OLS)http://semarc/name/47854 240 10$aOrientalism.$0(OLS)http://semarc/title/167325 245 10$aOrientalismo /$cEdward W. Said. 260 $aTorino :$bBollati Boringhieri,$c1991. 300 $a393 p. ;$c22 cm. 500 $aFondo Card. C.M. Martini. 650 4$aOriente - Giudizi degli occidentali.$0(OLS)http://semarc/subject/20845 850 $aSeMil 852 $aSeMil$W1$xVenegono$y1$m3XB II 11$j70034$B70034$CSeMilBibl$Z2$F101541 $81 941 1 $a4 961 $aOmaggio: Martini Card. Carlo Maria 996 $6020$a88-339-0608-6$9(OLS)http://semarc/number/97801 996 $6245$aOrientalismo$9(OLS)http://semarc/title/167324 996 $6260$aTorino :$bBollati Boringhieri$9(OLS)http://semarc/publisher/31556 LEADER 01204nam a2200301 i 4500 001 000000114572 003 CaOOAMICUS 005 20030422000000.0 008 030422s1990 it u000 u ita u 013 $a87259 020 $a88-7357-086-0 040 $aSeMil$bita 100 1 $aStock, Klemens,$c.$0(OLS)http://semarc/name/20175 240 10$aJesus die Frohe Botschaft.$0(OLS)http://semarc/title/167511 245 10$aGesł la buona notizia :$bil messaggio di Marco /$cKlemens Stock. 260 $aRoma :$bAdP,$ccopyr. 1990. 300 $a180 p. ;$c22 cm. 490 0 $aBibbia e preghiera ;$v6 500 $aFondo Card. C.M. Martini. 650 4$aBibbia - NT - Marco - Meditazioni.$0(OLS)http://semarc/subject/19728 830 0$aBibbia e preghiera ;$v6.$0(OLS)http://semarc/title/10788 850 $aSeMil 852 $aSeMil$W1$xVenegono$y1$m3F I 233$j70128$B70128$CSeMilBibl$Z2$F95018 $81 941 1 $a4 961 $aOmaggio: Martini Card. Carlo Maria 996 $6020$a88-7357-086-0$9(OLS)http://semarc/number/92733 996 $6245$aGesł la buona notizia :$bil messaggio di Marco$9(OLS)http://semarc/title/167510 996 $6260$aRoma :$bAdP$9(OLS)http://semarc/publisher/32136